| 000 | 01121nam a22003497a 4500 | ||
|---|---|---|---|
| 003 | CHAP | ||
| 005 | 20220329133749.0 | ||
| 008 | 971013s1977 r 00010 d | ||
| 010 | _a10533 | ||
| 011 | _a11505 | ||
| 035 | _a10743 | ||
| 040 | _cCHAP | ||
| 082 |
_a549 _bD35 1977 |
||
| 100 | 0 | 0 |
_aDana, James Dwight. _931014 |
| 245 | _aManual of mineralogy | ||
| 250 | _a19 ed | ||
| 260 |
_aNew York : _bWiley, _c1977 |
||
| 300 |
_a532 p. _b: ilus |
||
| 500 | _aA.55249-50) c.1-2 (no se encuentran los libros) | ||
| 590 |
_aBATCH-UPD _b10 _c20130109 _lUCH01 _h2316 |
||
| 590 |
_aBATCH-UPD _b10 _c20130110 _lUCH01 _h2123 |
||
| 590 |
_aBATCH-UPD _b10 _c20130410 _lUCH01 _h1433 |
||
| 590 |
_aBATCH-UPD _b10 _c20130914 _lUCH01 _h1627 |
||
| 590 |
_aCONVERSION _b10 _c20130109 _lUCH01 _h1307 |
||
| 650 | 1 | 4 |
_aMineralogía. _975940 |
| 700 | 0 |
_aHurlbut, Cornelius S. _956970 |
|
| 700 | 0 |
_aKlein, Cornelis. _963428 |
|
| 901 | _aBK | ||
| 942 | _cLIBRO | ||
| 949 |
_a549 D35 1977 _bBC _cLIBRO _d33724000447330 _eLIBRO _fc.2 _h55519 _i10743 _si _t1080.00 |
||
| 949 |
_a549 D35 1977 _bBC _cLIBRO _d33724000447348 _eLIBRO _h55518 _i10743 _si _t1080.00 |
||
| 999 |
_c10533 _d10533 |
||